Přehled hotelů, turistických ubytoven, tábořišť a autokempů v ČSSR /
| Hlavní autor: | Veselý, Ferdinand, 1902-1979 |
|---|---|
| Korporativní autor: | Československý svaz tělesné výchovy. Svaz turistiky |
| Další autoři: | Murin, Miroslav |
| Jazyk: | Ruština Němčina Polština Čeština |
| Vydáno: |
Praha : Pro výbor svazu turistiky ČÚV ČSTV vydal Sportpropag Praha ve spolupráci s Politickovýchovným oddělením ČÚV ČSTV, Vládním výborem pro cestovní ruch ČSR a Českou státní pojišťovnou, 1975 |
| Vydání: | Vydání první |
| Edice: |
Turistická publikace
|
| Témata: | |
| Fyzický popis: |
311 stran : ilustrace, mapy ; 21 cm |
| Language note: |
Částečně souběžný německý, polský a ruský text |
|
| LEADER | 02125nam a2200505 i 4500 | ||
|---|---|---|---|
| 001 | 001488360 | ||
| 003 | CZ BrMZK | ||
| 005 | 20151026074607.0 | ||
| 007 | ta | ||
| 008 | 150915s1975 xr ab e 000 0 cze | ||
| 020 | |q (Brožováno) | ||
| 040 | |a BOA001 |b cze |e rda | ||
| 041 | 1 | |a cze |a ger |a pol |a rus |h cze | |
| 043 | |a e-cs--- | ||
| 072 | 7 | |a 640.4 |x Hotelnictví. Stravování |2 Konspekt |9 19 | |
| 080 | |a 796.5 |2 MRF | ||
| 080 | |a 640.41/.42 |2 MRF | ||
| 080 | |a (437) |2 MRF | ||
| 080 | |a (035) |2 MRF | ||
| 080 | |a (083.8) |2 MRF | ||
| 100 | 1 | |a Veselý, Ferdinand, |d 1902-1979 |7 mzk2015886448 |4 aut | |
| 245 | 1 | 0 | |a Přehled hotelů, turistických ubytoven, tábořišť a autokempů v ČSSR / |c zpracoval: Ferdinand Veselý a M. Murin s kolektivem pracovníků ST ČSTV |
| 246 | 1 | |i Název v tiráži: |a Ubytovny, tábořiště, autokempy ČSSR | |
| 246 | 1 | 4 | |a Přehled turistických zařízení v ČSSR |
| 250 | |a Vydání první | ||
| 264 | 1 | |a Praha : |b Pro výbor svazu turistiky ČÚV ČSTV vydal Sportpropag Praha ve spolupráci s Politickovýchovným oddělením ČÚV ČSTV, Vládním výborem pro cestovní ruch ČSR a Českou státní pojišťovnou, |c 1975 | |
| 300 | |a 311 stran : |b ilustrace, mapy ; |c 21 cm | ||
| 336 | |a text |b txt |2 rdacontent | ||
| 337 | |a bez média |b n |2 rdamedia | ||
| 338 | |a svazek |b nc |2 rdacarrier | ||
| 490 | 1 | |a Turistická publikace ; |v svazek 1 | |
| 500 | |a Na obálce pod názvem: Turistické služby | ||
| 500 | |a 38000 výtisků | ||
| 546 | |a Částečně souběžný německý, polský a ruský text | ||
| 650 | 0 | 7 | |a turistika |7 ph116506 |z Československo |2 czenas |
| 650 | 0 | 7 | |a ubytovací zařízení |7 ph126852 |z Československo |2 czenas |
| 655 | 7 | |a příručky |7 fd133209 |2 czenas | |
| 655 | 7 | |a seznamy |7 fd133378 |2 czenas | |
| 700 | 1 | |a Murin, Miroslav |7 jx20050607032 |4 aut | |
| 710 | 2 | |a Československý svaz tělesné výchovy. |b Svaz turistiky |7 kn20140718003 |4 isb | |
| 830 | 0 | |a Turistická publikace | |
| 910 | |a BOA001 |b 2-1354.025 | ||
| 990 | |a BK | ||
| 991 | |b 201510 |e n | ||
| 996 | 6 | |b 2610644176 |c 2-1354.025 |l MZK |r Sklad / do 1 hodiny |n 0 |p dar |w 001523538 |u 000010 |a 1 |e BOA001 |j MZK50 |s P | |
English
Čeština 